| 000 | 00570nam a2200181 i 4500 | ||
|---|---|---|---|
| 001 | 120281 | ||
| 003 | ES-MaACL | ||
| 005 | 20230906191517.0 | ||
| 007 | t| | ||
| 008 | 070214s1918 fr r ||||1| fre d | ||
| 100 | 1 |
_aPérigny, Maurice. _991269 |
|
| 245 | 1 | 3 |
_aLa République de Costa Rica _b: son avenir económique et le canal de Panama / _cMaurice Périgny ; preface E. Martinenche. |
| 260 |
_aParis : _bFélix Alcan, _c1918. |
||
| 300 |
_a231 p. ; _c24 cm. |
||
| 651 | 4 |
_aCanal de Panamá. _97941 |
|
| 700 | 1 |
_aMartinenche, E. _977698 |
|
| 852 |
_aES-MaACL _jD-558 |
||
| 999 |
_c120281 _d120281 |
||